Publicaciones de la Revista de medicina y cirugía prácticas. (Registro nro. 170043)

Detalles MARC
000 -LEADER
campo de control de longitud fija 00584nam a22001695i 4500
001 - NÚMERO DE CONTROL
campo de control 170043
003 - IDENTIFICADOR DE NÚMERO DE CONTROL
campo de control ES-MaACL
005 - FECHA Y HORA DE LA ÚLTIMA TRANSACCIÓN
campo de control 20250826054858.0
008 - DATOS DE LONGITUD FIJA--INFORMACIÓN GENERAL
campo de control de longitud fija 090119q1880 sp |||| | spa d
245 00 - MENCIÓN DEL TÍTULO
Título Publicaciones de la Revista de medicina y cirugía prácticas.
260 ## - PUBLICACIÓN, DISTRIBUCIÓN, ETC.
Lugar de publicación, distribución, etc. [S.l. :
Nombre del editor, distribuidor, etc. Revista de Medicina y Cirugía Prácticas,
Fecha de publicación, distribución, etc. ca. 1880]
300 ## - DESCRIPCIÓN FÍSICA
Extensión 13 p. ;
Dimensiones 22 cm.
594 ## - Nota al título y mención de responsabilidad
Nota al título y mención de responsabilidad Ejemplar sin portada; datos tomados del encabezamiento del texto.
650 #7 - PUNTO DE ACCESO ADICIONAL DE MATERIA--TÉRMINO DE MATERIA
Término de materia o nombre geográfico como elemento de entrada Medicina-
Subdivisión de forma Bibliografías
Fuente del encabezamiento o término
9 (RLIN) 158981
852 4# - LOCALIZACIÓN
Ubicación ES-MaACL
Número de control de estantería T-435-F-13
Existencias
Estatus retirado Estado de pérdida Estado de daño No para préstamo Colección Biblioteca de origen Biblioteca actual Ubicación en estantería Fecha de adquisición Fuente de adquisición Total de préstamos Signatura topográfica completa Código de barras Visto por última vez Precio de reemplazo Tipo de ítem Koha
        Colección de folletos Biblioteca del Ateneo de Madrid Biblioteca del Ateneo de Madrid Depósito folletos 19/01/2009     T-435-F-13 1178516 23/02/2023 23/02/2023 Folleto